Situación actual del movimiento sindical en Costa Rica /
Gorde:
| Egile korporatiboa: | , |
|---|---|
| Formatua: | Texto |
| Argitaratua: |
San José:
CEPAS
|
| Etiketak: |
Etiketa erantsi
Etiketarik gabe, Izan zaitez lehena erregistro honi etiketa jartzen!
|
MARC
| LEADER | 00000 a a2200000 04500 | ||
|---|---|---|---|
| 001 | 22796 | ||
| 003 | |||
| 040 | |||
| 090 | |a 156600 | ||
| 110 | |a Centro de Estudios para la Acción Social | ||
| 245 | |a Situación actual del movimiento sindical en Costa Rica / |c Centro de Estudios para la Acción Social | ||
| 260 | |a San José: |b CEPAS | ||
| 300 | |a 19 p. | ||
| 710 | |a CEPAS | ||
| 999 | |c 1642 |d 1642 | ||
